Sports en image par lettre - A - Statistiques

Statistiques générales
  • Ce quiz a été pris 123 fois
  • Le résultat moyen est 8 sur 12
Statistiques - réponses
Par images Réponse % Correct
Accrobranche
97%
Athlétisme
92%
Aviron
89%
Aquagym
83%
Alpinisme
81%
Acrosport
71%
Apnée
67%
Aïkido
57%
Airsoft
46%
Aérobic
41%
Air hockey
32%
Agility
17%
Aucun quiz correspondant
Distribution des résultats
% des personnes avec chaque résultat
Percentile par nombre de réponses
Votre historique - résultats
Vous n’avez pas pris ce quiz